000 00729nam a2200193 i 4500
001 166053
003 ES-MaACL
005 20250724063436.0
008 021024s1893 fr |||| | fre d
040 _aCCPB | B
_bspa
_cCCPB | B
100 1 _aTarde, Gabriel de,
_d1843-1904
_9133127
245 1 4 _aLes transformations du droit
_b: étude sociologique /
_cpar G. Tarde.
260 _aParis :
_bancienne Librairie Germer Baillière et C\pie\s, Félix Alcan, éditeur,
_c1893.
300 _a212 p. ;
_c18 cm.
490 1 _aBibliothèque de philosophie contemporaine
830 0 _aBibliothèque de philosophie contemporaine
_9181027
852 _aES-MaACL
_jF-11681
_z-- Enc. pasta española
999 _c166053
_d166053